Kunst aus Österreich : Tapisserien = Art treasures in Austria : tapestries = L´Art en Autriche : tapisseries (Record no. 6837)

MARC details
000 -CABECERA
campo de control de longitud fija 00960nam a2200253 a 4500
001 - NÚMERO DE CONTROL
campo de control BRCA_7156
005 - FECHA Y HORA DE LA ÚLTIMA TRANSACCIÓN
campo de control 20190321142929.0
008 - DATOS DE LONGITUD FIJA--INFORMACIÓN GENERAL
campo de control de longitud fija 110112s1957----au-a######---#000-0#ger-#
041 ## - CÓDIGO DE LENGUA
Código de lengua del texto/banda sonora o título independiente ger
044 ## - CÓDIGO DEL PAÍS DE LA ENTIDAD EDITORA/PRODUCTORA
Código MARC del país au
050 #4 - SIGNATURA TOPOGRÁFICA DE LA BIBLIOTECA DEL CONGRESO
Número de documento/Ítem .K86 1957
245 10 - MENCIÓN DE TÍTULO
Título Kunst aus Österreich : Tapisserien = Art treasures in Austria : tapestries = L´Art en Autriche : tapisseries
Mención de responsabilidad, etc. herausgegeben von der Actien-Gesellschaft der Vöslauer Kammgarn-Fabrik ; Auswahl der Bilder und text, Anna Spitzmüller
260 ## - PUBLICACIÓN, DISTRIBUCIÓN, ETC.
Lugar de publicación, distribución, etc. Bad Vöslau, Austria
Nombre del editor, distribuidor, etc. Die Gesellschaft
Fecha de publicación, distribución, etc. 1957
300 ## - DESCRIPCIÓN FÍSICA
Extensión 23 p.
Otras características físicas il., 43 láminas
Dimensiones 32 cm.
500 ## - NOTA GENERAL
Nota general O181
546 ## - NOTA DE LENGUA/LENGUAJE
Nota de lengua/lenguaje Texto en alemán, inglés y francés
650 14 - PUNTO DE ACCESO ADICIONAL DE MATERIA--TÉRMINO DE MATERIA
Término de materia o nombre geográfico como elemento de entrada Tapetes
Subdivisión geográfica Austria
9 (RLIN) 17753
700 1# - PUNTO DE ACCESO ADICIONAL--NOMBRE DE PERSONA
Nombre de persona Spitzmüller, Anna
Término indicativo de función/relación tx.
9 (RLIN) 17754
710 2# - PUNTO DE ACCESO ADICIONAL--NOMBRE DE ENTIDAD CORPORATIVA
Nombre de entidad corporativa o nombre de jurisdicción como elemento de entrada Actien-Gesellschaft der Vöslauer Kammgarn-Fabrik
9 (RLIN) 17755
740 0# - PUNTO DE ACCESO ADICIONAL--TÍTULO RELACIONADO O ANALÍTICO NO CONTROLADO
Título relacionado o analítico no controlado Art treasures in Austria : tapestries
740 0# - PUNTO DE ACCESO ADICIONAL--TÍTULO RELACIONADO O ANALÍTICO NO CONTROLADO
Título relacionado o analítico no controlado L´Art en Autriche : tapisseries
902 ## - CATALOGADOR
Iniciales GFM
942 ## - ELEMENTOS DE PUNTO DE ACCESO ADICIONAL (KOHA)
Fuente del sistema de clasificación o colocación Library of Congress Classification
Tipo de ítem Koha Libros
Holdings
Estado de retiro Estado de pérdida Estado dañado No para préstamo Localización permanente Ubicación/localización actual Fecha de adquisición Número de inventario Total de préstamos Signatura topográfica completa Código de barras Fecha visto por última vez Precio válido a partir de Tipo de ítem Koha
El ejemplar forma parte de la colección y puede ser consultado según las políticas vigentes.       Biblioteca del Museo Franz Mayer (Rogerio Casas-Alatriste) Biblioteca del Museo Franz Mayer (Rogerio Casas-Alatriste) 11/01/2012 O181   .K86 1957 (O181) 7603 22/03/2019 22/03/2019 Libros